[Event "AUTO-INT-1445"]
[Site "http://www.queenalice.com/game.php?id=651210"]
[Date "2009.9.12"]
[Round "1"]
[White "dean1787"]
[Black "paulogaspar"]
[Result "1-0"]
[WhiteElo "1388"]
[BlackElo "1679"]

1. e4 e5 2. Nf3 d6 3. d4 exd4 4. Nxd4 c5 5. Nf5 g6 6. Ne3 Nf6 7. Bb5+ Bd7 8. Bd3
Bg7 9. O-O Bc6 10. Nc3 O-O 11. f4 b5 12. e5 dxe5 13. fxe5 Nfd7 14. Be4 Bxe4 15.
Nxe4 Bxe5 16. Qd5 Na6 17. Qc6 Nc7 18. Rd1 Bd4 19. Bd2 Ne5 20. Qd6 Qxd6 21. Nxd6
f5 22. c3 Bxe3+ 23. Bxe3 c4 24. b3 Rfd8 25. bxc4 Nxc4 26. Nxc4 Rxd1+ 27. Rxd1
bxc4 28. Rd4 Re8 29. Kf2 Re4 30. Rxe4 fxe4 31. Bxa7 Nb5 32. Bd4 Kf7 33. a4 Nc7
34. Ke3 Ke6 35. Kxe4 Kd6 36. Be5+ Kc6 37. Bxc7 Kxc7 38. Kd4 Kb6 39. Kxc4 Ka5 40.
Kb3 g5 41. g4 h6 42. c4 1-0

[Event "Challenge"]
[Site "http://www.queenalice.com/game.php?id=653989"]
[Date "2009.9.17"]
[Round "-"]
[White "dean1787"]
[Black "Phil_Corrigan"]
[Result "0-1"]
[WhiteElo "1471"]
[BlackElo "2167"]

1. e4 c5 2. Nf3 Nc6 3. c3 d5 4. exd5 Qxd5 5. d4 Nf6 6. Bb5 cxd4 7. Bxc6+ bxc6 8.
Nxd4 e5 9. Qe2 Bd6 10. O-O O-O 11. Rd1 exd4 12. cxd4 Re8 13. Be3 Ng4 14. g3 Qh5
15. h3 Qxh3 16. f4 Qxg3+ 17. Qg2 Qxe3+ 18. Kh1 Nf2+ 19. Kh2 Bxf4+ 20. Kg1 Nxd1+
21. Kf1 Bh3 22. Nc3 Qf2# 0-1

[Event "Challenge"]
[Site "http://www.queenalice.com/game.php?id=656629"]
[Date "2009.9.23"]
[Round "-"]
[White "NandoBg"]
[Black "dean1787"]
[Result "1-0"]
[WhiteElo "2139"]
[BlackElo "1425"]

1. Nf3 Nc6 2. e4 e5 3. Bc4 Nf6 4. Ng5 d5 5. exd5 Nxd5 6. Qh5 g6 7. Qd1 Bf5 8. d3
Be7 9. O-O Bxg5 10. Bxd5 Bxc1 11. Bxc6+ bxc6 12. Qxc1 h6 13. Nc3 Rb8 14. b3 g5
15. Re1 Qd4 16. Ne2 Qh4 17. Qe3 f6 18. Qf3 Be6 19. Qxf6 Rf8 20. Qxe6+ Kd8 21.
Ng3 Qf4 22. Ne4 Qf7 23. Qxh6 Rb5 24. Qxc6 Rb6 25. Qc5 Rh6 26. Nxg5 Qg7 27. Rxe5
Re8 28. Qd5+ Qd7 29. Nf7+ Kc8 30. Qa8# 1-0

[Event "Challenge"]
[Site "http://www.queenalice.com/game.php?id=656637"]
[Date "2009.9.23"]
[Round "-"]
[White "dean1787"]
[Black "LeonardoNeves"]
[Result "0-1"]
[WhiteElo "1436"]
[BlackElo "2090"]

1. Nf3 h6 2. e4 Nc6 3. Bb5 e5 4. c3 Nf6 5. d3 d6 6. O-O Bg4 7. h3 Bh5 8. d4 a6
9. Bxc6+ bxc6 10. g4 Bg6 11. Re1 Nxe4 12. dxe5 Be7 13. Nbd2 Nxd2 14. Bxd2 O-O
15. Qa4 Qd7 16. Qb4 Rfe8 17. Rad1 Qc8 18. b3 dxe5 19. Qc4 Bd6 20. Nh4 Kh7 21.
Nxg6 fxg6 22. f3 Rf8 23. Rf1 Qe8 24. f4 exf4 25. Rde1 Qd8 26. Qxc6 Qh4 27. Qf3
Rad8 28. c4 Bc5+ 29. Kh1 Rxd2 30. Re2 Rxe2 31. Qxe2 Qxh3+ 32. Qh2 Qxf1+ 0-1

[Event "Challenge"]
[Site "http://www.queenalice.com/game.php?id=660524"]
[Date "2009.9.30"]
[Round "-"]
[White "dean1787"]
[Black "EMB2"]
[Result "0-1"]
[WhiteElo "1404"]
[BlackElo "2131"]

1. Nf3 d5 2. c4 dxc4 3. Qa4+ Nc6 4. Qxc4 e5 5. e4 Bd6 6. d4 exd4 7. Nxd4 Bb4+ 8.
Bd2 Bxd2+ 9. Nxd2 Qxd4 10. Qxd4 Nxd4 11. O-O-O Be6 12. Kb1 O-O-O 13. Nb3 Nxb3
14. Rxd8+ Kxd8 15. axb3 Bxb3 16. Be2 Nh6 17. Rc1 Re8 18. f3 f6 19. Bd1 Bxd1 20.
Rxd1+ Kc8 21. g4 Nf7 22. b4 Re5 23. Rc1 Nd6 24. Ka1 a5 0-1

[Event "Challenge"]
[Site "http://www.queenalice.com/game.php?id=660528"]
[Date "2009.9.30"]
[Round "-"]
[White "dean1787"]
[Black "mustangmike"]
[Result "0-1"]
[WhiteElo "1400"]
[BlackElo "1917"]

1. e4 e6 2. Nf3 Nf6 3. d3 Nc6 4. Nc3 Bb4 5. a3 Ba5 6. b4 Bb6 7. b5 Nd4 8. Ng5 h6
9. Nf3 Ng4 10. Be3 e5 11. h3 Nxf3+ 12. Qxf3 Nf6 13. Nd5 Ba5+ 14. c3 Nxd5 15. Kd1
Nxc3+ 0-1

[Event "AUTO-INT-1465"]
[Site "http://www.queenalice.com/game.php?id=660625"]
[Date "2009.9.30"]
[Round "1"]
[White "geisonm"]
[Black "dean1787"]
[Result "1-0"]
[WhiteElo "1586"]
[BlackElo "1446"]

1. e4 e5 2. Nf3 Bd6 3. h4 Nf6 4. d4 exd4 5. Nxd4 Nxe4 6. Qe2 Qe7 7. Nf5 Qf6 8.
Qxe4+ Kf8 9. Bg5 Qe5 10. Be7+ Kg8 11. Nxd6 cxd6 12. Qxe5 dxe5 13. Nc3 Nc6 14.
Nd5 Nxe7 15. Nxe7+ Kf8 16. Nd5 d6 17. Nc7 Rb8 18. O-O-O Ke7 19. g3 Bg4 20. f3
Bxf3 21. Nd5+ Kd7 22. Bb5+ Ke6 23. Nc7+ Ke7 24. Nd5+ Ke6 25. Nf4+ Kf5 26. Bd7+
Kf6 27. Nd5+ Bxd5 28. Rxd5 Rhd8 29. Rxd6+ Ke7 30. Rhd1 e4 31. R6d5 b6 32. Re5+
Kf6 33. Rxe4 Rb7 34. Rd6# 1-0

[Event "AUTO-INT-1465"]
[Site "http://www.queenalice.com/game.php?id=660626"]
[Date "2009.9.30"]
[Round "1"]
[White "dean1787"]
[Black "geisonm"]
[Result "0-1"]
[WhiteElo "1434"]
[BlackElo "1602"]

1. e4 e6 2. Nf3 Nc6 3. Bb5 Nf6 4. d3 Bc5 5. O-O Ng4 6. d4 Be7 7. h3 f5 8. hxg4
fxg4 9. Nh2 h5 10. Nc3 O-O 11. f3 g3 12. f4 gxh2+ 13. Kxh2 g6 14. f5 Bd6+ 15.
Kg1 e5 16. dxe5 Bxe5 17. fxg6 Qh4 18. Rxf8+ Kxf8 19. Nd5 Qh2+ 20. Kf2 Bg3+ 21.
Ke3 Qxg2 22. Nxc7 Bxc7 23. b3 Be5 24. Rb1 Bd4+ 25. Kd3 d5 26. exd5 Bf5+ 27. Kc4
Bxc2 28. Qd2 Qe4 29. Rb2 Bxb2+ 30. Kc5 Bd4+ 31. Kd6 Qe7# 0-1

[Event "AUTO-INT-1465"]
[Site "http://www.queenalice.com/game.php?id=660641"]
[Date "2009.9.30"]
[Round "1"]
[White "dorszu"]
[Black "dean1787"]
[Result "1-0"]
[WhiteElo "1703"]
[BlackElo "1387"]

1. e4 e5 2. Nf3 Nf6 3. Nxe5 d6 4. Nd3 Nxe4 5. Qf3 Ng5 6. Qd5 c6 7. Qb3 Be6 8. c4
d5 9. cxd5 cxd5 10. Nf4 b6 11. d4 Nc6 12. Bb5 Qc8 13. O-O a6 14. Bd3 b5 15. Nxe6
Nxe6 16. Qxd5 Ncxd4 17. Be3 Nc2 18. Bxc2 Qc7 19. Qxa8+ Ke7 20. Re1 g6 21. Bg5+
Kd7 22. Qd5+ Ke8 23. Nc3 h6 24. Qa8+ Kd7 25. Rad1+ Nd4 26. Rxd4+ 1-0

[Event "AUTO-INT-1465"]
[Site "http://www.queenalice.com/game.php?id=660642"]
[Date "2009.9.30"]
[Round "1"]
[White "dean1787"]
[Black "dorszu"]
[Result "0-1"]
[WhiteElo "1391"]
[BlackElo "1699"]

1. Nf3 d5 2. c4 Nf6 3. d4 Bg4 4. h3 Bxf3 5. exf3 dxc4 6. Bxc4 e6 7. O-O Bd6 8.
Re1 O-O 9. Nc3 Nc6 10. Qb3 Nxd4 11. Qd1 Bc5 12. Nb5 Nf5 13. Be3 Nxe3 14. fxe3 c6
15. Qxd8 Rfxd8 16. Nc3 Bb4 17. Rac1 Bxc3 18. Rxc3 g6 19. Rb3 b5 20. Be2 Nh5 21.
Bd3 a6 22. f4 a5 23. Rc1 Rd6 24. Be4 f5 0-1

[Event "AUTO-INT-1465"]
[Site "http://www.queenalice.com/game.php?id=660651"]
[Date "2009.9.30"]
[Round "1"]
[White "chyco"]
[Black "dean1787"]
[Result "1-0"]
[WhiteElo "1522"]
[BlackElo "1384"]

1. e4 e5 2. Nf3 d6 3. c4 Nf6 4. Ng5 h6 5. Nf3 Nxe4 6. d3 Ng5 7. Bxg5 hxg5 8. Qd2
f6 9. Nc3 Nc6 10. Nd5 g6 11. d4 g4 12. Ng1 Nxd4 13. Rc1 Bh6 14. Qd3 Bxc1 15.
Qxg6+ Kf8 16. Nxf6 Bxb2 17. Nh5 Rg8 18. Qh6+ Ke8 19. Nf6+ Kf7 20. Bd3 Qxf6 21.
Qh7+ Kf8 22. c5 dxc5 23. Ne2 Bf5 24. Bxf5 Rd8 25. Ng3 Qd6 26. Ne4 1-0

[Event "AUTO-INT-1465"]
[Site "http://www.queenalice.com/game.php?id=660652"]
[Date "2009.9.30"]
[Round "1"]
[White "dean1787"]
[Black "chyco"]
[Result "0-1"]
[WhiteElo "1374"]
[BlackElo "1532"]

1. Nc3 e5 2. e4 d6 3. Nf3 Qd7 4. d4 Nc6 5. Bb5 Nf6 6. dxe5 Nh5 7. O-O a6 8. Bc4
b5 9. Bd5 Na5 10. Ng5 c6 11. Bxf7+ Kd8 12. Bxh5 h6 13. Nf7+ Kc7 14. exd6+ Kb7
15. Nxh8 Qe6 16. Ng6 Bxd6 17. Bd2 Nc4 18. Rb1 Ne5 19. Nf4 Qf6 20. Be3 Nc4 21. b3
Na3 22. Rb2 Bxf4 23. g3 Be5 24. Bd2 Bxc3 0-1

[Event "peps"]
[Site "http://www.queenalice.com/game.php?id=668494"]
[Date "2009.10.17"]
[Round "-"]
[White "sivic79"]
[Black "dean1787"]
[Result "1-0"]
[WhiteElo "1800"]
[BlackElo "1402"]

1. Nf3 d5 2. g3 Nf6 3. Bg2 e6 4. d4 Bb4+ 5. c3 Ba5 6. O-O O-O 7. Bg5 h6 8. Bxf6
Qxf6 9. Nbd2 Nc6 10. b4 Bb6 11. a4 g5 12. a5 g4 13. Nh4 Bd7 14. axb6 cxb6 15. e4
Rae8 16. Qxg4+ 1-0

[Event "Let's Play Chess!"]
[Site "http://www.queenalice.com/game.php?id=668542"]
[Date "2009.10.17"]
[Round "-"]
[White "dean1787"]
[Black "Killersugus"]
[Result "0-1"]
[WhiteElo "1359"]
[BlackElo "1256"]

1. e4 e6 2. Nf3 d5 3. Bd3 Nf6 4. Nc3 d4 5. Nb5 Bc5 6. O-O a6 7. Na3 b5 8. c4 b4
9. Nc2 Bb7 10. a3 a5 11. axb4 axb4 12. b3 Rxa1 13. Nxa1 Bxe4 14. Bxe4 Nxe4 15.
d3 Nc3 16. Qd2 h6 0-1

[Event "Let's Play Chess!"]
[Site "http://www.queenalice.com/game.php?id=668543"]
[Date "2009.10.17"]
[Round "-"]
[White "spawnwolfwolverine"]
[Black "dean1787"]
[Result "1-0"]
[WhiteElo "1594"]
[BlackElo "1413"]

1. d4 c5 2. dxc5 Qa5+ 3. Nc3 Qxc5 4. e3 d6 5. Bd2 Nf6 6. Nf3 Nc6 7. Be2 Be6 8.
O-O O-O-O 9. a3 g6 10. h3 Kb8 11. Rb1 d5 12. Na2 h6 13. Bb4 Qb6 14. Nd4 Nxd4 15.
exd4 1-0

[Event "Let's Play Chess!"]
[Site "http://www.queenalice.com/game.php?id=668544"]
[Date "2009.10.17"]
[Round "-"]
[White "dean1787"]
[Black "newblockader"]
[Result "0-1"]
[WhiteElo "1398"]
[BlackElo "1631"]

1. Nc3 Nf6 2. e4 e5 3. Nf3 Bb4 4. Nxe5 O-O 5. a3 Bxc3 6. dxc3 Nxe4 7. Bc4 Qf6 8.
Qd4 Qxf2+ 9. Qxf2 Nxf2 10. Kxf2 d6 11. Nd3 Bf5 12. Re1 Nc6 13. Kg1 Rfe8 14. Bf4
Re4 15. Bd5 Rxe1+ 16. Rxe1 Kf8 0-1

[Event "Let's Play Chess!"]
[Site "http://www.queenalice.com/game.php?id=668545"]
[Date "2009.10.17"]
[Round "-"]
[White "newblockader"]
[Black "dean1787"]
[Result "1-0"]
[WhiteElo "1638"]
[BlackElo "1364"]

1. e4 e5 2. Bc4 Nf6 3. d3 Nc6 4. Nf3 Bc5 5. O-O O-O 6. Nc3 d6 7. Bg5 h6 8. Bxf6
Qxf6 9. Nd5 Qg6 10. g3 Re8 11. Nxc7 Bg4 12. Nxe8 Rxe8 13. a3 Qf6 14. Kg2 Nd4 15.
h3 1-0

[Event "Challenge"]
[Site "http://www.queenalice.com/game.php?id=668548"]
[Date "2009.10.17"]
[Round "-"]
[White "burnnes"]
[Black "dean1787"]
[Result "1-0"]
[WhiteElo "1500"]
[BlackElo "1404"]

1. e4 e5 2. Nf3 Nf6 3. Nc3 Nc6 4. Bc4 Bc5 5. d3 O-O 6. Nd5 Nb4 7. Nxe5 d6 8. Nf3
Ng4 9. Be3 Nxe3 10. Nxe3 Be6 11. Bxe6 fxe6 12. c3 1-0

[Event "Let's Play Chess!"]
[Site "http://www.queenalice.com/game.php?id=668551"]
[Date "2009.10.17"]
[Round "-"]
[White "dean1787"]
[Black "spawnwolfwolverine"]
[Result "0-1"]
[WhiteElo "1423"]
[BlackElo "1584"]

1. Nf3 d6 2. e4 e5 3. d4 exd4 4. Nxd4 Bd7 5. Nc3 Nc6 6. Bc4 Nf6 7. Nf3 Be7 8.
O-O O-O 9. b3 a6 10. Nd4 Nxd4 11. Qxd4 b5 12. Bd5 Nxd5 13. exd5 Bf6 14. Qd3 Bxc3
15. Qxc3 c5 0-1